000 00300nam a2200109Ia 4500
008 220620s9999||||xx |||||||||||||| ||und||
100 _aTiley, John
245 0 _aStudies in the History of Tax Law, Volume 6
546 _aEnglish[eng]
650 _ahistory of law||income tax law||tax law
942 _cEB
999 _c30679
_d30679